000 01075nam a2200265Ia 4500
003 IN-BaIIA
008 211028s9999 xx 000 0 eng d
020 _a0-7923-1128-0
040 _cIIA Library
080 _a082.2:52
_bIAU-S145
111 _aSymposium of the Inetrnational Astronomical Union
_cBulgaria
_d1990 Aug. 27-31
_917240
245 0 _aEvolution of stars-the photospheric abundance connectio
_bproceedings of the 145th symposium of the Ineternational Astronomical Union held in Zlatni Pjasaci (Golden Sands), Bulgaria, August 27-31 1990
_cedited by G. Michaud and A. Tutukov
260 _aDordrecht
_bKluwer Academic
_c1991
300 _avii, 487p.
490 _aIAU Symposium; no.145
650 _aAstronomy and Astrophysics Thesaurus
650 _aPhotosphere
_96274
650 _aSolar Cosmic Abundance
_917241
650 _aStars
650 _aStellar Evolution
700 _aMichaud, G., ed.
_917242
700 _aTutukov, A., ed.
_917243
710 _aInternational Astronomical Union
942 _cBK
999 _c10167
_d10167